000 00966nam a22002657a 4500
003 OSt
005 20260508011402.0
008 260508b |||||||| |||| 00| 0 eng d
020 _a9786210000009
040 _aDWCL Main Lib.
_cOC
082 _aFil. 400 C437 2014
100 _aAguado, Marietha M.
_eAuthor
245 _aChallenge of the millennium :
_bthe new grade 9 /
_cMarietha M. Aguado [and four others]
260 _aQuezon City :
_bSIBS Publishing House,
_cc2014.
300 _axix , 405 pages :
_billustrations ;
_c26cm.
490 _aSIBS Communication Arts series.
500 _aK to 12 curriculum complaint.
504 _aIncludes index, glossary and bibliographical references.
650 _a1. English -- Study and teaching.
700 _aI. Gil, Avelina J.
_eAuthor
700 _aII. Papango, Marla C.
_eAuthor
700 _aIII. Sedilla, Carleen S.
_eAuthor
700 _aIV. Villamin, Araceli M.
_eAuthor
942 _2ddc
_cBK - FIL
_n0
999 _c10315
_d10315